กฎหมายปฏิรูปส่วนราชการไม่สังกัดสำนักนายกรัฐมนตรี กระทรวง (ระเบียนเลขที่ 19366)
| 000 -LEADER | |
|---|---|
| fixed length control field | 02285nam a22003137a 4500 |
| 005 - DATE AND TIME OF LATEST TRANSACTION | |
| control field | 20240814174150.0 |
| 008 - FIXED-LENGTH DATA ELEMENTS--GENERAL INFORMATION | |
| fixed length control field | s2546 th thaeng |
| 040 ## - CATALOGING SOURCE | |
| Original cataloging agency | NALT |
| 041 ## - LANGUAGE CODE | |
| Language code of text/sound track or separate title | thaeng |
| 090 ## - LOCALLY ASSIGNED LC-TYPE CALL NUMBER (OCLC); LOCAL CALL NUMBER (RLIN) | |
| Classification number (OCLC) (R) ; Classification number, CALL (RLIN) (NR) | KE81 ฝ211ก 2546 |
| 100 0# - MAIN ENTRY--PERSONAL NAME | |
| Personal name | ฝ่ายวิชาการสูตรไพศาล |
| 245 10 - TITLE STATEMENT | |
| Title | กฎหมายปฏิรูปส่วนราชการไม่สังกัดสำนักนายกรัฐมนตรี กระทรวง |
| 260 3# - PUBLICATION, DISTRIBUTION, ETC. | |
| Place of publication, distribution, etc. | กรุงเทพฯ : |
| Name of publisher, distributor, etc. | สูตรไพศาล, |
| Date of publication, distribution, etc. | 2546 |
| 300 ## - PHYSICAL DESCRIPTION | |
| Extent | 153 หน้า : |
| Other physical details | แผนที่, ตาราง ; |
| Dimensions | 26 ซม. |
| 650 04 - SUBJECT ADDED ENTRY--TOPICAL TERM | |
| Topical term or geographic name entry element | สำนักงานพระพุทธศาสนาแห่งชาติ -- การจัดส่วนราชการ |
| 650 04 - SUBJECT ADDED ENTRY--TOPICAL TERM | |
| Topical term or geographic name entry element | ส่วนราชการไม่สังกัดสำนักนายกรัฐมนตรี -- การจัดส่วนราชการ |
| 650 04 - SUBJECT ADDED ENTRY--TOPICAL TERM | |
| Topical term or geographic name entry element | สำนักงานป้องกันและปราบปรามการฟอกเงิน -- การจัดส่วนราชการ |
| 650 04 - SUBJECT ADDED ENTRY--TOPICAL TERM | |
| Topical term or geographic name entry element | สำนักงานตำรวจแห่งชาติ -- การจัดส่วนราชการ |
| 650 04 - SUBJECT ADDED ENTRY--TOPICAL TERM | |
| Topical term or geographic name entry element | สำนักราชเลขาธิการ -- การจัดส่วนราชการ |
| 650 04 - SUBJECT ADDED ENTRY--TOPICAL TERM | |
| Topical term or geographic name entry element | สำนักพระราชวัง -- การจัดส่วนราชการ |
| 650 04 - SUBJECT ADDED ENTRY--TOPICAL TERM | |
| Topical term or geographic name entry element | การจัดส่วนราชการ -- กฎหมายและระเบียบข้อบังคับ |
| 650 04 - SUBJECT ADDED ENTRY--TOPICAL TERM | |
| Topical term or geographic name entry element | สำนักงานอัยการสูงสุด -- การจัดส่วนราชการ |
| 650 04 - SUBJECT ADDED ENTRY--TOPICAL TERM | |
| Topical term or geographic name entry element | ราชบัณฑิตยสถาน -- การจัดส่วนราชการ |
| 650 04 - SUBJECT ADDED ENTRY--TOPICAL TERM | |
| Topical term or geographic name entry element | สำนักงานคณะกรรมการวิจัยแห่งชาติ -- การจัดส่วนราชการ |
| 650 04 - SUBJECT ADDED ENTRY--TOPICAL TERM | |
| Topical term or geographic name entry element | ปรับปรุงกระทรวง ทบวง กรม (พ.ร.บ.) -- 2545 |
| 850 ## - HOLDING INSTITUTION | |
| Holding institution | NALT |
| 942 ## - ADDED ENTRY ELEMENTS (KOHA) | |
| Koha item type | Law Book |
| Source of classification or shelving scheme | Library of Congress Classification |
| 998 ## - LOCAL CONTROL INFORMATION (RLIN) | |
| -- | 25 |
| -- | นีลวัสน์ อินทรักษา |
| Withdrawn status | Lost status | Damaged status | Not for loan | Collection code | Home library | Current library | Cost, normal purchase price | Total Checkouts | Full call number | Barcode | Date last seen | Cost, replacement price | Price effective from | Koha item type |
|---|---|---|---|---|---|---|---|---|---|---|---|---|---|---|
| Law Book collection | National Assembly Library of Thailand | National Assembly Library of Thailand | 100.00 | KE 81 ฝ211ก 2546 | 3961150104 | 09/06/2017 | 150.00 | 09/06/2017 | Law Book |
